| 000 | 00686cam a22002057a 4500 | ||
|---|---|---|---|
| 020 | _a0764558897 (pbk.) : | ||
| 040 | _cStDuBDS | ||
| 082 | 0 | 4 | _a005 WIL 2004 A006 Or. |
| 100 | 1 | _aLandon, Bill. | |
| 245 | 1 | 0 | _aMaster Visually Windows Mobile 2003 visual / |
| 260 |
_aHoboken, NJ : _bWiley, c2004. |
||
| 300 |
_a313 p. : _bill. ; _c23 cm. |
||
| 490 | 1 | _aRead less - learn more | |
| 650 | 0 | _aPocket computers. | |
| 700 | 1 | _aMiller, Matthew, | |
| 856 | 4 | 1 | _uhttp://www.loc.gov/catdir/toc/wiley051/2004103154.html |
| 856 | 4 | 2 | _uhttp://www.loc.gov/catdir/enhancements/fy0619/2004103154-b.html |
| 856 | 4 | 2 | _uhttp://www.loc.gov/catdir/enhancements/fy0619/2004103154-d.html |
| 942 | _cEK | ||
| 999 |
_c11961 _d11961 |
||